| 000 | 00658nam a2200241Ia 4500 | ||
|---|---|---|---|
| 003 | OSt | ||
| 005 | 20221005050332.0 | ||
| 006 | a|||||r|||| 00| 0 | ||
| 007 | ta | ||
| 008 | 221004b |||||||| |||| 00| 0 mal d | ||
| 024 | _a57972 | ||
| 037 | _cTextual | ||
| 040 |
_aCRL _cCRL _bmal |
||
| 041 |
_2mal _amal |
||
| 082 | _aO32,8M91x, H9 | ||
| 100 |
_aMenon Puthezhathu Rama _9594570 |
||
| 245 | 0 | _aNerampokku | |
| 260 |
_aKottayam _bSahithya Pravarthaka India _c1949 |
||
| 300 |
_a192p. _ccm. |
||
| 650 |
_aMALAYALAM LITERATURE _938866 |
||
| 942 |
_hO32,8M91x, H9 _cTEXL _2cc |
||
| 999 |
_c956794 _d956794 |
||